Un nuevo concepto de desarrollo nacional /
MANUEL
Shranjeno v:
| Glavni avtor: | |
|---|---|
| Korporativna značnica: | |
| Format: | Neznan |
| Jezik: | Spanish |
| Teme: | |
| Oznake: |
Označite
Brez oznak, prvi označite!
|
MARC
| LEADER | 00000 a2200000 04500 | ||
|---|---|---|---|
| 001 | 4518 | ||
| 003 | CIDCACS | ||
| 005 | 20221114092027.0 | ||
| 008 | 221114b |||||||| |||| 00| 0 spa d | ||
| 040 | |c CIDCACS | ||
| 100 | 1 | |9 10814 |a Ulloa Murillo, Eric |e Autor | |
| 245 | 1 | |a Un nuevo concepto de desarrollo nacional / |c Eric Ulloa Murillo | |
| 300 | |a páginas 699-701 | ||
| 520 | |a MANUEL | ||
| 651 | 0 | |9 32 |a COSTA RICA | |
| 710 | |a Universidad Nacional (Costa Rica) | ||
| 942 | |2 ddc |c LI | ||
| 999 | |c 6406 |d 6406 | ||
| 773 | 0 | |0 17141 |9 4797 |a Costa Rica. |d Heredia: UNA, 1993 |o 22321 |t Ideario Costarricense / |w (cru CIDCACS/IIS)4416 | |
